End of line for the family farm? (Record no. 67616)

MARC details
000 -LEADER
fixed length control field 00911cam a2200205 4500
001 - CONTROL NUMBER
control field WB3726-27
008 - FIXED-LENGTH DATA ELEMENTS--GENERAL INFORMATION
fixed length control field 000000n2001 000 0 eng u
035 ## - SYSTEM CONTROL NUMBER
System control number (Sirsi) u113508
245 ## - TITLE STATEMENT
Title End of line for the family farm?
260 ## - PUBLICATION, DISTRIBUTION, ETC.
Date of publication, distribution, etc. 2001
490 ## - SERIES STATEMENT
Series statement ICAEW Press Release
Volume/sequential designation 5 July 2001, (3)
520 ## - SUMMARY, ETC.
Summary, etc. Survey by the farming group of the Institute of Chartered Accountants shows that 40% of farms have no firm succession plans in place. Problems include falling profits and the foot and mouth outbreak. More than a third of farms in the survey have been directly affected by the epidemic with 40% believing its effects would be either devastating or bad. Survey can be seen at http://www.icaew.co.uk
590 ## - LOCAL NOTE (RLIN)
Local note WB
650 ## - SUBJECT ADDED ENTRY--TOPICAL TERM
Topical term or geographic name entry element FARMING INDUSTRY
650 ## - SUBJECT ADDED ENTRY--TOPICAL TERM
Topical term or geographic name entry element FOOT-AND-MOUTH DISEASE
650 ## - SUBJECT ADDED ENTRY--TOPICAL TERM
Topical term or geographic name entry element FARM BUSINESSES
650 ## - SUBJECT ADDED ENTRY--TOPICAL TERM
Topical term or geographic name entry element FUTURE
690 ## - LOCAL SUBJECT ADDED ENTRY--TOPICAL TERM (OCLC, RLIN)
Topical term or geographic name as entry element RURAL-AGRICULTURE AND FORESTRY
942 ## - ADDED ENTRY ELEMENTS (KOHA)
Suppress in OPAC 0
Holdings
Withdrawn status Lost status Source of classification or shelving scheme Damaged status Not for loan Home library Current library Shelving location Date acquired Total Checkouts Full call number Barcode Date last seen Copy number Price effective from Koha item type
    Dewey Decimal Classification     London London News article 05/07/2001   WB3726-27 113508-1001 06/08/2019 1 06/08/2019 News article